Đồ gá cơ khí hoá và tự động hoá /

Phương pháp tính toán và thiết kế đồ gá máy cắt kim loại trên cơ sở kết hợp vận dụng kiến thức và kinh nghiệm của các môn học khác thuộc lĩnh vực chuyên môn Cơ khí chế tạo máy.

Salvato in:
Dettagli Bibliografici
Autore principale: Lê Văn Tiến, PGS.PTS.
Altri autori: Trần Xuân Việt, PTS., Trần Văn Địch, PGS.PTS.
Natura: Libro
Lingua:Vietnamese
Pubblicazione: Hà Nội : Khoa học và kỹ thuật, 1999.
Soggetti:
Tags: Aggiungi Tag
Nessun Tag, puoi essere il primo ad aggiungerne! !
Thư viện lưu trữ: Mạng thư viện Đại học Đà Nẵng
LEADER 01546cam a2200409 a 4500
001 000043531
003 1508
005 20060321112222.0
008 010217b1999 vm 000 vie
020 |c 16500 
040 |a LRC  |c LRC  |d LRC 
041 0 |a vie 
082 1 4 |a 621.9  |b LÊ-T 
100 1 |a Lê Văn Tiến,  |c PGS.PTS. 
245 1 0 |a Đồ gá cơ khí hoá và tự động hoá /  |c Lê Văn Tiến, Trần Văn Địch, Trần Xuân Việt. 
260 |a Hà Nội :  |b Khoa học và kỹ thuật,  |c 1999. 
300 |a 162 tr. ;  |c 24 cm. 
520 3 |a Phương pháp tính toán và thiết kế đồ gá máy cắt kim loại trên cơ sở kết hợp vận dụng kiến thức và kinh nghiệm của các môn học khác thuộc lĩnh vực chuyên môn Cơ khí chế tạo máy. 
630 0 4 |a Cơ khí hoá. 
630 0 4 |a Tự động hoá. 
650 0 4 |a Đồ gá. 
650 0 4 |a Cơ khí hoá. 
650 0 4 |a Tự động hoá. 
700 1 |a Trần Xuân Việt,  |c PTS. 
700 1 |a Trần Văn Địch,  |c PGS.PTS. 
OWN |a DUT 
AVA |a UDN50  |b DUT  |c Book  |d 621.9 LÊ-T  |e available  |t Error 5001 Not defined in file expand_doc_bib_avail.  |f 10  |g 8  |h N  |i 72  |j SH  |k 1 
999 |a From the UDN01 
AVA |a UDN50  |b DUT  |c Book  |d 621.9 LÊ-T  |e available  |t Error 5001 Not defined in file expand_doc_bib_avail.  |f 10  |g 8  |h N  |i 72  |j SH  |k 1 
TYP |a Monograph 
TYP |a Printed language 
980 |a Mạng thư viện Đại học Đà Nẵng